000 00837nas a2200277 4500
001 BR9606485
003 BR-BrBNA
005 20231205095846.0
007 ta
008 230509b bl.|||p| |||| 00| 00por d
040 _aBR-BrBNA
_bpor
_cBiblioteca Nacional de Agricultura
041 _a(Pt)
072 _aF30
100 1 _aAmaral, A.L. do
100 1 _aCarvalho, F.I.F. de
100 1 _aFederizzi, L.C.
100 1 _aMittelmann, A.
100 1 _aPandini, F.
245 1 _aEstimativa da herdabilidade para os caracteres adaptativos ciclo e estatura de planta em aveia
650 _aAveia
650 _aHereditariedade
650 _aEstatura de Planta
773 0 _tCiencia Rural (Brazil)
_xISSN 0103-8478
_g(Jan-Apr 1996), v. 26(1) p. 33-37
_wBR9606485
909 _a202311
_bLúcia
_c55
_dLúcia Elande
942 _2AGRIS
_n0
_cANA
999 _c153130
_d153130